00628nam a2200169 a 450000100100000000500170001000800410002702000180006804000250008610000320011124501130014326000560025630000200031250000240033250000730035670000290042900004319720240306073910.0140224s2010 cu 000 0 spa d a9789592710511 aDO-SdBNPbspacBNPHU1 aMartí, José,d1853-189513aEl día de Juárez /cJosé Martí ; investigación, presentación y estudios Pedro Pablo Rodríguez. aLa Habana :bCentro de Estudios Martinianos,c2010. a59 p. ;c20 cm. aEdición crítica aIncluye referencias bibliográficas y notas al pie de las páginas12aPedro Pablo, Rodríguez